000 00939nas a2200289 4500
001 BR8100205
003 BR-BrBNA
005 20231205084449.0
007 ta
008 230509b bl.|||p| |||| 00| 00por d
040 _aBR-BrBNA
_bpor
_cBiblioteca Nacional de Agricultura
041 _a(Pt)
072 _aF40; F00
100 1 _aArruda, F.B.
100 1 _aTubelis, A.
100 1 _aNascimento, F.J.L. do
245 1 _aEfeito da temperatura media diaria do ar na produtividade do feijoeiro [Phaseolus vulgaris]
246 1 _aEffect of daily mean air temperature on yield of beans [Phaseolus vulgaris]
650 _aEcologia vegetal
650 _aProducao vegetal
650 _aFeijao
650 _aTemperatura
650 _aRendimento
773 0 _tPesquisa Agropecuaria Brasileira (Brazil)
_xISSN 0100-204X
_g(Oct 1980), v. 15(4) p. 413-417
_wBR8100205
909 _a202311
_bLúcia
_c55
_dLúcia Elande
942 _2AGRIS
_n0
_cANA
999 _c105408
_d105408